Baseball 3000 hit/500 home run club - Statistics

General Stats
  • This quiz has been taken 41 times
  • The average score is 6 of 7
Answer Stats
Hits Home Runs Answer % Correct
3,384 703 Albert Pujols
100%
3,771 755 Hank Aaron
100%
3,115 696 Alex Rodriguez
96%
3,293 660 Willie Mays
96%
3,020 569 Rafael Palmeiro
67%
3,255 504 Eddie Murray
58%
3,174 511 Miguel Cabrera
54%
No matching quizzes found
Score Distribution
Percent of People with Each Score
Percentile by Number Answered
Your Score History
You have not taken this quiz